[Event "Florianopolis op 9th"]
[Site "Florianopolis"]
[Date "2023.01.29"]
[Round "10"]
[White "Rey, Antonio"]
[Black "Favaretto, Felipe Della Preve"]
[Result "1/2-1/2"]
[WhiteElo "1434"]
[BlackElo "1207"]
[PlyCount "48"]
[EventDate "2023.01.23"]
[EventType "swiss"]
[EventRounds "10"]
[EventCountry "BRA"]
[SourceTitle "CBM 212 Extra"]
[Source "ChessBase"]
[SourceDate "2023.03.31"]
[SourceVersion "1"]
[SourceVersionDate "2023.03.31"]
[SourceQuality "1"]

1. c4 c6 2. g3 Nf6 3. Bg2 d5 4. cxd5 cxd5 5. d4 Nc6 6. Nc3 e6 7. Nf3 Be7 8. 0-0 0-0 9. Bf4 b6 10. Ne5 Nxe5 11. Bxe5 Ba6 12. Qa4 Bb7 13. Rac1 Qd7 14. Qxd7 Nxd7 15. Bf4 Ba6 16. Rfe1 Rac8 17. a3 Bc4 18. e4 g5 19. Bd2 dxe4 20. Nxe4 h6 21. Rc3 f5 22. Rec1 Ba6 23. Rxc8 Rxc8 24. Rxc8+ Bxc8 1/2-1/2

[Event "Florianopolis op 9th"]
[Site "Florianopolis"]
[Date "2023.01.26"]
[Round "5"]
[White "Favaretto, Felipe Della Preve"]
[Black "Sanchez, Ivan Roberto"]
[Result "0-1"]
[WhiteElo "1207"]
[BlackElo "1731"]
[PlyCount "66"]
[EventDate "2023.01.23"]
[EventType "swiss"]
[EventRounds "10"]
[EventCountry "BRA"]
[SourceTitle "CBM 212 Extra"]
[Source "ChessBase"]
[SourceDate "2023.03.31"]
[SourceVersion "1"]
[SourceVersionDate "2023.03.31"]
[SourceQuality "1"]

1. c4 e5 2. Nc3 Nf6 3. g3 Bb4 4. Bg2 Bxc3 5. bxc3 d6 6. e4 0-0 7. Ne2 Bg4 8. 0-0 Qc8 9. f3 Bh3 10. d3 Bxg2 11. Kxg2 Nc6 12. Bg5 Nd7 13. Be3 b6 14. Ng1 Qe8 15. Nh3 f6 16. f4 Na5 17. f5 Nb7 18. g4 Ndc5 19. Rb1 a5 20. Kh1 Rd8 21. Rg1 Qc6 22. Bxc5 dxc5 23. g5 Nd6 24. Qg4 Rd7 25. gxf6 Rxf6 26. Ng5 Nxf5 27. Nf3 Nh6 28. Qg3 Qd6 29. Nxe5 Re7 30. Ng4 Nxg4 31. Qxg4 Qxd3 32. Qc8+ Rf8 33. Rxg7+ Rxg7 0-1

[Event "Florianopolis Autumn op U1800"]
[Site "Florianopolis"]
[Date "2022.05.15"]
[Round "5"]
[White "Favaretto, Felipe Della Preve"]
[Black "Klein, Louise da Silveira"]
[Result "1/2-1/2"]
[WhiteElo "1800"]
[BlackElo "1288"]
[PlyCount "111"]
[EventDate "2022.05.13"]
[EventType "swiss"]
[EventRounds "6"]
[EventCountry "BRA"]
[SourceTitle "CBM 208 Extra"]
[Source "ChessBase"]
[SourceDate "2022.07.31"]
[SourceVersion "1"]
[SourceVersionDate "2022.07.31"]
[SourceQuality "1"]

1. c4 e5 2. Nc3 Nf6 3. g3 Bc5 4. Bg2 c6 5. d3 d6 6. Nf3 Be6 7. 0-0 0-0 8. Rb1 Qd7 9. Ng5 Bf5 10. Nge4 Nxe4 11. Nxe4 Bb6 12. b3 Bh3 13. Ba3 Bxg2 14. Kxg2 Bc7 15. Qd2 Rd8 16. Qg5 Qe6 17. Qh4 f6 18. Nc3 Nd7 19. f4 Re8 20. f5 Qf7 21. e4 Rad8 22. Qg4 d5 23. cxd5 Nb6 24. dxc6 Rxd3 25. Rbc1 bxc6 26. Rfd1 Red8 27. Qe2 Qd7 28. Qxd3 Qxd3 29. Rxd3 Rxd3 30. Bb4 Kf7 31. Rd1 Rxd1 32. Nxd1 Nd7 33. Ne3 c5 34. Ba3 Ba5 35. Nc4 Bb4 36. Bc1 a5 37. Bb2 a4 38. a3 Bxa3 39. Bxa3 axb3 40. Nd2 b2 41. Bxb2 Ke7 42. Ba3 Kd6 43. Nb3 Kc6 44. Nxc5 Nxc5 45. Kf3 Kb5 46. Ke3 Kc4 47. Bxc5 Kxc5 48. Kd3 Kb5 49. g4 Kc5 50. Kc3 Kb5 51. Kb3 Kc5 52. Kc3 Kb5 53. Kd3 Kb4 54. h4 h6 55. Kd2 Kc4 56. Ke3 1/2-1/2